Normal view
MARC view
Entry Personal Name
001 - CONTROL NUMBER
- control field: 13129
003 - CONTROL NUMBER IDENTIFIER
- control field: BD-RjUL
005 - DATE AND TIME OF LATEST TRANSACTION
- control field: 20240523102428.0
008 - FIXED-LENGTH DATA ELEMENTS
- fixed length control field: 240523|| aca||aabn | a|a d
040 ## - CATALOGING SOURCE
- Original cataloging agency: BD-RjUL
- Transcribing agency: BD-RjUL
100 ## - HEADING--PERSONAL NAME
- Personal name: Sen, Promoda Rangon
670 ## - SOURCE DATA FOUND
- Source citation: Work cat.: (BD-RjUL)83800: Sen, Promoda Rangon, Biodiversity of some Carabid Beetles (Coleoptera:Tenebrionidae) in the Northern Part of Bangladesh /, 2011